00401nam a2200133 4500008004100000020001800041040005500059080001500114100002000129245004700149260003600196300001000232700002500242241016b |||||||| |||| 00| 0 eng d a81-7016-383-8 aNational Science LibrarycNational Science Library a316.61bP5 aDayal, Lala Har aVyaktitva-vikaas: bSangharsh aur saphalta aNew Delhi: bKitab Ghar, c2005 a332p. aVij, Satya Pal (Tr.)